Nutuk (Record no. 9367)

MARC details
000 -BAŞLIK
Sabit Uzunlukta Kontrol Alanı 00898na a2200277 4500
001 - KONTROL NUMARASI
Denetim Alanı 13600
003 - KONTROL NUMARASI IDENTIFIER
Denetim Alanı MIRAKIL
005 - SON İŞLEM TARİHİ VE ZAMANI
Denetim Alanı 20181213155244.0
008 - SABİT-BOY VERİ ELEMANLARI - GENEL BİLGİLER
Sabit Uzunlukta Kontrol Alanı 160817b tu 000 0
035 ## - SİSTEM KONTROL NUMARASI
Sistem Kontrol Numarası 13600
040 ## - KATALOGLAMA KAYNAK
Orijinal Kataloglama Ajansı Milas
Kataloglama Dili tur
Metne Dönüştürmek Ajansı TR-AnCHP
082 ## - DEWEY ONLU SINIFLANDIRMA NUMARASI
Sınıflandırma Numarası ATA 923.156
Ürün Numarası A72n 1987
090 ## - SINIFLAMA NUMARASI
Sınıflama Numarası ATA 923.156 A72n 1987
100 ## - ANA GİRİŞ - KİŞİSEL İSİM
Kişisel Ad Atatürk, Mustafa Kemal
Bir Adıyla İlişkilendirilen Tarihler 1881-1838
245 ## - BAŞLIK TABLOSU
Başlık Nutuk
Sorumluluk Tablosu, Vb Mustafa Kemal Atatürk ; hazırlayan: Ahmet Köklügiller
250 ## - EDITION TABLOSU
Baskı Beyanı 8. bs.
260 ## - YAYIN, DAĞITIM, VB
Yayın, Dağıtım, Vb Yeri İstanbul
Yayıncı, Dağıtıcı, Vs Adı Milliyet Yayınları
Yayın, Dağıtım, Vb Tarihi 1987
300 ## - FİZİKSEL TANIM
Kapsam 160 s.
Boyutlar 20 sm.
490 ## - SERİSİ TABLOSU
Seri Beyanı Yardımcı Kitaplar
Hacim / Ardışık Tanımı 3
600 ## - KONU KATMA GİRİŞ - KURUMSAL ADI
Kişisel Ad Atatürk, Mustafa Kemal
Bir Adıyla İlişkilendirilen Tarihler 1881-1938
Genel Alt Bölümü Söylev ve demeçler
600 ## - KONU KATMA GİRİŞ - KURUMSAL ADI
Kişisel Ad Atatürk, Mustafa Kemal
Bir Adıyla İlişkilendirilen Tarihler 1881-1938
Genel Alt Bölümü Siyasal ve sosyal görüşler
650 ## - KONU KATMA GİRİŞ - TOPİKAL DÖNEM
Topikal Süreli Veya Coğrafi Ad Giriş Elemanı Atatürk devrimleri
Coğrafi Alt Bölümü Türkiye
651 ## - KONU KATMA GİRİŞ - COĞRAFİ ADI
Coğrafi İsim Türkiye
Genel Alt Bölümü Siyaset ve yönetim
700 ## - KATMA GİRİŞ - KİŞİSEL İSİM
Kişisel Ad Köklügiller, Ahmet
942 ## - EKLENDİ GİRİŞ ELEMANLARI (KOHA)
Sınıflandırma Veya Raf Düzeni Kaynak Dewey Decimal Classification
Koha Öğesi Türü Books
999 ## - SİSTEM KONTROL NUMARALARI (KOHA)
Koha Biblionumber 9367
Koha Biblioitemnumber 9367
Holdings
Kalıcı Konum Mevcut Konum Edinme Tarihi Edinim Kaynak Toplam Check-Out'Lar Tam Çağrı Numarası Barkod Tarih Son Görülme İtibaren Geçerli Fiyatlar Koha Öğesi Türü
CHP Kütüphanesi CHP Kütüphanesi 08/15/2016 Bağış   ATA 923.156 A72n 1987 000994 08/15/2016 08/15/2016 Books